| 000 | 00422nam a22001217a 4500 | ||
|---|---|---|---|
| 082 | _a220 PRO | ||
| 100 |
_aEssam Hakim Ali Dogar _971979 |
||
| 245 | _aPR-SOF-1689-INDIGENOUS DEVELOPMENT OF ROBOTIC ARM USING 3D PRINTING FOR APPLICATION SUCH AS IN FIELD CROP MONITORING | ||
| 260 |
_aISLAMABAD _bNUST COLLEGE OF EME _c2018 |
||
| 650 | _aDE-MTS-36 | ||
| 700 | _aSupervised by Dr Waqar Shahid Dr Mohsin Tiwana | ||
| 942 | _cCR | ||
| 999 |
_c578220 _d578220 |
||